00726cam a2200193u 450000100100000000500170001000800410002701000130006804000240008105000180010510000610012324000520018424500590023626000540029530000210034991000340037095201110040499900170051500001413920200929163505.0840222s1944 ag 000 0 spa  a46017242 aDO-SdBNPcCarPdDLC00aB945.S24bA381 aSantayana, George,d1863-1952. [from old catalog]93197600aPersona and places. Spanish. [from old catalog]10aPersonas y lugares, /cpromeros recuerdos de mi vida;. aBuenos Aires, :bEditorial Sudamericana,c[1944]. a368 p. ;c22 cm. aCatalogación por copia / LC 001052708MOaGRbGRcCTd2009-12-04iLF1l0o p14139-10r2020-06-25w2020-06-25y2ZPréstamo interno c13741d13741